000 00667pam a2200229 a 4500
001 3752104
005 20180205071036.0
008 830106s1983 njua b 001 0 eng
010 _a 82025540
020 _a0131762060
020 _a0131761986
040 _aDLC
_cDLC
_dDLC
041 _aeng
080 _a658.45
082 0 0 _a658.45 BUD
_219
100 1 _a54
101 _aLID
245 1 0 _aCorporate video in focus :
_cJohn F. Budd, Jr. ; Bruce C. Pennington, consulting editor.
504 _aIncludes bibliographical references and index.
906 _a7
_bcbc
_corignew
_d1
_eocip
_f19
_gy-gencatlg
942 _2ddc
_cBK
999 _c41749
_d41749